000
00214nam a22000857a 4500
008
170113b xxu||||| |||| 00| 0 eng d
100
_9
2374
_a
Aggarwal.M.L.
245
_a
Lab Mathematics-IX
260
_a
New Delhi
_b
APC
_c
2007
999
_c
5369
_d
5369